Informe del FNUAP 1986. (Record no. 131384)

MARC details
000 -CABECERA
campo de control de longitud fija 00438nam a2200169 a 4500
005 - FECHA Y HORA DE LA ÚLTIMA TRANSACCIÓN
campo de control 20210219160131.0
008 - ELEMENTOS DE LONGITUD FIJA--INFORMACIÓN GENERAL
campo de control de longitud fija 080815s1987 mx r 000 0 spa d
020 ## - NÚMERO INTERNACIONAL NORMALIZADO PARA LIBROS
Número Internacional Estándar del Libro 0897140516
035 ## - NÚMERO DE CONTROL DEL SISTEMA
Número de control de sistema UPN01000159270
049 ## - COLECCIÓN
Colección UNE
080 ## - NÚMERO DE CLASIFICACIÓN DECIMAL UNIVERSAL
Número de la Clasificación Decimal Universal OC 312.9 (100) "1986" INF.
245 00 - MENCIÓN DE TÍTULO
Título Informe del FNUAP 1986.
260 ## - PUBLICACIÓN, DISTRIBUCIÓN, ETC.
Lugar de publicación, distribución, etc. Nueva York :
Nombre del editor, distribuidor, etc. FNUAP,
Fecha de publicación, distribución, etc. 1987.
300 ## - DESCRIPCIÓN FÍSICA
Extensión 185 p. :
Otras características físicas il.
690 ## - PUNTO DE ACCESO ADICIONAL DE MATERIA LOCAL--TÉRMINO DE MATERIA (OCLC, RLIN)
Término de materia o nombre geográfico como elemento inicial FNUAP - Informes anuales
905 ## - TIPO DE MATERIAL
Tipo de material UNESCO

No items available.